LEADER 01331nam a2200325 a 4500 001 000000124801 003 CaOOAMICUS 005 20110325105717.0 008 110325t20031998it fd u100 u ita r 020 $z88-464-0825-X* 040 $aPUL$bita 082 04$a658.8 100 1 $aDi Nallo, Egeria.$0(OLS)http://pul/name/78838 245 10$aQuale marketing per la società complessa? /$cEgeria Di Nallo. 250 $a2a edizione 260 $aMilano :$bFranco Angeli,$c2003. 300 $a237 p. :$btav., grafici ;$c22 cm 490 1 $aConsumo, comunicazione, innovazione ;$v266.1.1 504 $aBibliografia in nota. 650 4$aConsumo$xAspetti socio-culturali.$0(OLS)http://pul/subject/33620 830 0$aConsumo, comunicazione, innovazione ;$v266.1.1.$0(OLS)http://pul/title/157350 850 $aPUL 852 $aPUL$W1$xSL Cons. Gen., Altre Classi 3$y75$m658. 8 DINEG 1$j143714$qDDC 21$B142726$CPULBib$Z2$F142726 $H116538 $82 941 1 $a9 960 $aConsumismo$933620 996 $6020$z88-464-0825-X*$9(OLS)http://pul/number/146760 996 $6082$a658.8$9(OLS)http://pul/classification/1888 996 $6245$aQuale marketing per la società complessa?$9(OLS)http://pul/title/157349 996 $6260$aMilano :$bFranco Angeli$9(OLS)http://pul/publisher/52903 LEADER 01009nam a2200265 a 4500 001 000000141878 003 CaOOAMICUS 005 20150218132125.0 008 150218s1977 it u000 u ita r 040 $aPUL$bita 100 1 $aFalco, Giorgio,$d1888-1967.$0(OLS)http://pul/name/256 245 13$aLa polemica sul medioevo /$cGiorgio Falco. 260 $aNapoli :$bGuida Editori,$c1977. 300 $a381 p. ;$c18 cm 490 1 $aI tascabili ;$v07 504 $aBibliografia nelle note. 650 4$aMedioevo$xStudi.$0(OLS)http://pul/subject/4691 830 2$aI Tascabili (Guida editori) ;$v07.$0(OLS)http://pul/title/31812 850 $aPUL 852 $aPUL$W1$xDP1 Fondo Capitani$y116$m10 A 55$j163733$qFondi$B163766$CPULBib$Z2$F163766 $HCap2204 $82 941 1 $a1 961 $aNota ms. di possesso: Capitani. 996 $6245$aLa polemica sul medioevo$9(OLS)http://pul/title/38981 996 $6260$aNapoli :$bGuida Editori$9(OLS)http://pul/publisher/53352